Modern Trends of High Education: Prospections and Challenges
Analýza problémov, ktorým čelí vysokoškolské vzdelávanie v 21. storočí. Hodnotenie a analýza trendov v atraktivite vysokoškolských systémov na Slovensku a na Ukrajine. Analýza trendov vo vývoji civilizácie v 21. storočí, ktoré tvoria súbor výziev pre vysokoškolské vzdelávanie. Identifikácia charakte...
Gespeichert in:
| 1. Verfasser: | |
|---|---|
| Weitere Verfasser: | |
| Format: | Buchkapitel |
| Sprache: | Englisch |
| Schlagworte: | |
| Tags: |
Keine Tags, Fügen Sie das erste Tag hinzu!
|
MARC
| LEADER | 00000naa a2200000 4500 | ||
|---|---|---|---|
| 001 | 0312443 | ||
| 005 | 20250925092255.1 | ||
| 041 | 0 | |a eng | |
| 044 | |a SK | ||
| 245 | 1 | 0 | |a Modern Trends of High Education: Prospections and Challenges |c Olena Rayevnyeva, Olha Brovko |
| 520 | |a Analýza problémov, ktorým čelí vysokoškolské vzdelávanie v 21. storočí. Hodnotenie a analýza trendov v atraktivite vysokoškolských systémov na Slovensku a na Ukrajine. Analýza trendov vo vývoji civilizácie v 21. storočí, ktoré tvoria súbor výziev pre vysokoškolské vzdelávanie. Identifikácia charakteristík týchto výziev a analýza možnosti univerzít na ich prekonanie. Na posúdenie atraktivity vysokoškolského systému v krajine bol definovaný systém metrík. Bol vytvorený portrét atraktivity vysokoškolského vzdelávania na Slovensku a na Ukrajine. Na riešenie výskumných problémov a potvrdenie hypotéz sa používajú metódy analýzy a syntézy, porovnávacia analýza, štrukturálno-dynamická analýza a ekonometrické modelovanie. | ||
| 610 | 2 | 0 | |a vzdelávanie vysokoškolské |
| 610 | 2 | 0 | |a školstvo |
| 610 | 2 | 0 | |a analýzy |
| 610 | 2 | 0 | |a modelovanie ekonometrické |
| 610 | 2 | 0 | |a Slovensko |
| 610 | 2 | 0 | |a Ukrajina |
| 100 | 1 | |a Rayevnyeva, Olena | |
| 700 | 1 | |a Brovko, Olha | |